000
00339nam a22001577a 4500
003
OSt
005
20211231140445.0
008
211231b |||||||| |||| 00| 0 eng d
020
_a
0764535897
040
_c
HU
050
_a
005.3
082
_a
005.3
110
_a
EXC
_9
26624
245
_a
Excell 2002 Simplified
942
_2
ddc
_c
BOOKS
_n
0
999
_c
25557
_d
25557